| 000 | 00875aam a2200325 4500 | ||
|---|---|---|---|
| 005 | 20161121152518.0 | ||
| 008 | 150413b xxu||||| |||| 00| 0 spa d | ||
| 041 | _aspa | ||
| 082 | _a651.374 D671p | ||
| 100 |
_aDomínguez, Thalía _96754 |
||
| 245 | _aEl perfil de la asistente ejecutiva | ||
| 260 | _aMexico | ||
| 260 | _bMcGraw-Hill | ||
| 260 | _c2001 | ||
| 300 | _a140 páginas | ||
| 650 |
_aTECNICAS SECRETARIALES _933130 |
||
| 650 |
_aRELACIONES HUMANAS _933131 |
||
| 650 |
_aSECRETARIAS _96757 |
||
| 650 |
_aAUTOESTIMA _9460 |
||
| 650 |
_aVALORES _932 |
||
| 650 |
_aIMAGEN PERSONAL _92785 |
||
| 650 |
_aETIQUETA _92786 |
||
| 650 |
_aTECNICAS SECRETARIALES _933130 |
||
| 650 |
_aARCHIVONOMIA _92575 |
||
| 650 |
_aAGENDA _91542 |
||
| 650 |
_aEQUIPO DE OFICINA _94145 |
||
| 650 |
_aMAQUINA DE ESCRIBIR _96758 |
||
| 650 |
_aARCHIVOS _92576 |
||
| 942 | _cBK | ||
| 999 |
_c4518 _d4518 |
||